MARC

Tag First Indicator Second Indicator Subfields
LEADER 00000cam a2200000Ia 4500
001 in00002785911
005 20151202171609.0
008 120622s2012 nyua 6 000 1 eng d
020 |a 9780316127608 :  |c $25.99 
020 |a 0316127604 :  |c $25.99 
035 |a (OCoLC)ocn796760214 
040 |a BTCTA  |b eng  |c BTCTA  |d YDXCP  |d CLE  |d IH7  |d UtOrBLW 
049 |a TXAM 
090 |a PN6727.P388  |b Z66 2012 
100 1 |a MacDonald, Andy. 
245 1 0 |a Zoo :  |b the graphic novel /  |c James Patterson, Michael Ledwidge ; art and adaptation by Andy MacDonald. 
250 |a 1st ed. 
264 1 |a New York, NY :  |b Yen Press,  |c [2012] 
264 4 |c ©2012 
300 |a 1 volume (unpaged) :  |b chiefly illustrations ;  |c 27 cm. 
336 |a text  |b txt  |2 rdacontent 
337 |a unmediated  |b n  |2 rdamedia 
338 |a volume  |b nc  |2 rdacarrier 
650 0 |a Aggressive behavior in animals  |v Comic books, strips, etc. 
650 0 |a Human-animal relationships  |v Comic books, strips, etc. 
650 0 |a Biologists  |v Comic books, strips, etc. 
650 0 |a Ecologists  |v Comic books, strips, etc. 
655 7 |a Graphic novels.  |2 lcgft 
655 7 |a Suspense fiction.  |2 gsafd 
700 1 |a Patterson, James,  |d 1947- 
700 1 |a Ledwidge, Michael. 
948 |a cataloged  |b h  |c 2012/12/17  |d c  |e ceaton  |f 12:19:15 pm 
994 |a C0  |b TXA 
999 |a MARS 
999 f f |s 37b5b852-76c5-3401-b412-0574efe41ed0  |i 2f757ce1-b9f6-35d1-880e-5a7568058c34  |t 0 
952 f f |p normal  |a Texas A&M University  |b College Station  |c Sterling C. Evans Library  |d Evans: Library Stacks  |t 0  |e PN6727.P388 Z66 2012  |h Library of Congress classification  |i unmediated -- volume  |m A14841624284 
998 f f |a PN6727.P388 Z66 2012  |t 0  |l Evans: Library Stacks